Govt. of
Madhya Pradesh

Small Scale Farming (Record no. 68499)

MARC details
000 -LEADER
fixed length control field 00246nam a22001097a 4500
082 ## - DEWEY DECIMAL CLASSIFICATION NUMBER
Classification number 630/VER
100 ## - MAIN ENTRY--AUTHOR NAME
Personal name Verma,Kushal
245 ## - TITLE STATEMENT
Title Small Scale Farming
260 ## - PUBLICATION, DISTRIBUTION, ETC. (IMPRINT)
Place of publication Delhi
Name of publisher Advaita Publicatio
Year of publication 2020
650 ## - SUBJECT ADDED ENTRY--TOPICAL TERM
Topical Term Agriculture
942 ## - ADDED ENTRY ELEMENTS (KOHA)
Koha item type Books
Holdings
Withdrawn status Lost status Damaged status Not for loan Home library Current library Date acquired Cost, normal purchase price Full call number Accession Number Price effective from Koha item type
        MACL MACL 27/12/2025 990.00 630/VER CRE040347 27/12/2025 Books